[Event "Amber Blindfold"]
[Site "Monaco MNC"]
[Date "2004.03.21"]
[Round "2"]
[White "Topalov, Veselin"]
[Black "Anand, Viswanathan"]
[Result "1-0"]
[WhiteElo "2735"]
[BlackElo "2766"]
[EventDate "2004.03.20"]

1.e4 c5 2.Cf3 Cc6 3.d4 cxd4 4.Cxd4 e6 5.Cc3 Dc7 6.Fe3 a6 7.Dd2 Cf6 8.O-O-O
Fb4 9.f3 Ca5 10.Cb3 d5 11.Ff4 Cxb3+ 12.cxb3 Da5 13.e5 Cd7 14.a3 Fe7 15.Rb1
b5 16.b4 Dd8 17.Ce2 Cb6 18.Cd4 Fd7 19.b3 O-O 20.Ra2 Db8 21.Tc1 Da7 22.Fe3 
Tac8 23.Fd3 Db8 24.f4 Tfd8 25.Df2 Txc1 26.Txc1 Tc8 27.Txc8+ Cxc8 28.Dc2 h6
29.Cc6 Db7 30.Cxe7+ Cxe7 31.Dc5 Cf5 32.Fd4 Dc6 33.Rb2 Dxc5 34.Fxc5 Fc6 35.
a4 h5 36.g3 f6 37.exf6 gxf6 38.Fxf5 exf5 39.a5 Rf7 40.Rc3 Re6 41.Rd4 Fe8 
42.Re3 Rf7 43.Fb6 Re6 44.Rd4 Rd6 45.Fd8 Re6 46.Rc5 Fd7 47.Fb6 Fe8 48.Fa7 
d4 49.Rxd4 Rd6 50.Fc5+ Rc6 51.Fe7 Ff7 52.Fxf6 Rd6 53.Fe5+ Rc6 54.Fg7 Fxb3 
55.Re5 Fc2 56.Rf6 Rd7 57.Rg5 Fd1 58.Rxf5 Fg4+ 59.Rg5 Re6 60.f5+ Rf7 61.Fd4
1-0

[Event "Amber Blindfold"]
[Site "Monaco MNC"]
[Date "2004.03.22"]
[Round "3"]
[White "Svidler, Peter"]
[Black "Topalov, Veselin"]
[Result "1-0"]
[WhiteElo "2747"]
[BlackElo "2735"]
[EventDate "2004.03.20"]

1.e4 e5 2.Cf3 Cf6 3.Cxe5 d6 4.Cf3 Cxe4 5.d4 d5 6.Fd3 Cc6 7.O-O Fe7 8.Cc3 
Ff5 9.De1 Fb4 10.De3 O-O 11.Cxe4 dxe4 12.Fxe4 Te8 13.Fxf5 Txe3 14.fxe3 Ce7
15.Fd3 f6 16.e4 Rh8 17.e5 c5 18.exf6 gxf6 19.a3 Fa5 20.dxc5 Fc7 21.b4 Cc6 
22.Fb2 Ce5 23.Fe4 Cxf3+ 24.Fxf3 Tb8 25.Fxb7 Fxh2+ 26.Rxh2 Dc7+ 27.Rg1 Dxb7
28.Txf6 Rg8 29.Taf1 Td8 30.T1f3 Dc7 31.T6f4 1-0

[Event "Amber Rapid"]
[Site "Monaco MNC"]
[Date "2004.03.20"]
[Round "1"]
[White "Topalov, Veselin"]
[Black "Van Wely, Loek"]
[Result "1/2-1/2"]
[WhiteElo "2735"]
[BlackElo "2617"]
[EventDate "2004.03.20"]

1.e4 c5 2.Cf3 Cc6 3.d4 cxd4 4.Cxd4 Cf6 5.Cc3 e5 6.Cdb5 d6 7.Fg5 a6 8.Ca3 
b5 9.Fxf6 gxf6 10.Cd5 f5 11.Fd3 Fe6 12.c3 Fg7 13.Dh5 O-O 14.O-O f4 15.Tfd1
Tb8 16.Cc2 Dd7 17.Dh4 f5 18.Ccb4 Cxb4 19.Cxb4 Ff6 20.Dh5 a5 21.exf5 Ff7 
22.Dh6 Fg7 23.Dh4 axb4 24.f6 Fg6 25.fxg7 Rxg7 26.cxb4 Tbc8 27.Dg5 De6 28.
Fe4 Tf6 29.Fd5 Dd7 30.Tac1 h6 31.Dh4 Fc2 32.Te1 Fd3 33.h3 Txc1 34.Txc1 e4 
35.b3 Df5 36.Tc7+ Rf8 37.a4 e3 38.fxe3 fxe3 39.Ff3 e2 40.Tc1 bxa4 41.bxa4 
Df4 42.Dxf4 Txf4 43.b5 Txa4 44.b6 Tc4 45.Ta1 Ta4 46.Te1 Tb4 47.Fxe2 Fxe2 
48.Txe2 Txb6 1/2-1/2

[Event "Amber Rapid"]
[Site "Monaco MNC"]
[Date "2004.03.21"]
[Round "2"]
[White "Anand, Viswanathan"]
[Black "Topalov, Veselin"]
[Result "1-0"]
[WhiteElo "2766"]
[BlackElo "2735"]
[EventDate "2004.03.20"]

1.e4 c5 2.Cf3 Cc6 3.d4 cxd4 4.Cxd4 Cf6 5.Cc3 e5 6.Cdb5 d6 7.Fg5 a6 8.Ca3 
b5 9.Fxf6 gxf6 10.Cd5 Fg7 11.Fd3 Ce7 12.Cxe7 Dxe7 13.O-O O-O 14.c4 f5 15.
Df3 d5 16.cxd5 fxe4 17.Fxe4 Dd7 18.d6 Tb8 19.Tad1 Tb6 20.Dc3 Txd6 21.Ff5 
Txd1 22.Fxd7 Txd7 23.Cc2 Tfd8 24.Ce3 Td2 25.h4 Fe6 26.a3 f5 27.Dc6 T2d6 
28.Dc2 Td2 29.Td1 Txd1+ 30.Cxd1 Ff6 31.g3 Tc8 32.Dd2 Td8 33.De2 Fc4 34.Dc2
f4 35.Cc3 Fd3 36.Dd1 fxg3 37.fxg3 e4 38.Dg4+ Rh8 39.De6 Fd4+ 40.Rh2 Tf8 
41.Cxe4 Fxe4 42.Dxe4 Fxb2 43.Db4 Fg7 44.g4 h6 45.De4 a5 46.g5 b4 47.axb4 
axb4 48.Dxb4 Rh7 49.De4+ Rh8 50.Rg3 Td8 51.De6 hxg5 52.hxg5 Td4 53.Rf3 Rh7
54.Df5+ Rh8 55.Rg3 Rg8 56.Rf2 Rh8 57.Re2 Rg8 58.Dg6 Rh8 59.Df7 Rh7 60.Rf3 
Rh8 61.De7 Rh7 62.De6 Rh8 63.Dc6 Rh7 64.Db6 Td3+ 65.Rg4 Tc3 66.De6 Tc7 67.
g6+ 1-0

[Event "Amber Rapid"]
[Site "Monaco MNC"]
[Date "2004.03.22"]
[Round "3"]
[White "Topalov, Veselin"]
[Black "Svidler, Peter"]
[Result "1/2-1/2"]
[WhiteElo "2735"]
[BlackElo "2747"]
[EventDate "2004.03.20"]

1.e4 c5 2.Cf3 d6 3.d4 cxd4 4.Cxd4 Cf6 5.Cc3 e6 6.g4 h6 7.Fe3 e5 8.Fb5+ Fd7
9.Cb3 Fxb5 10.Cxb5 d5 11.exd5 a6 12.Cc3 Fb4 13.d6 Dxd6 14.Dxd6 Fxd6 15.
O-O-O Fe7 16.h3 Cbd7 17.f4 exf4 18.Fxf4 O-O 19.Ca5 Fb4 20.Cxb7 Fxc3 21.
bxc3 Tfc8 22.Td3 Tc4 23.Fh2 Cc5 24.Cxc5 Txc5 25.Te1 h5 26.gxh5 Txh5 27.Te5
Th4 28.Ta5 Ce4 29.c4 Tc8 30.c5 Txc5 31.Txa6 Cf2 32.Tf3 Cxh3 33.Ta8+ Rh7 
34.Txf7 Thc4 35.Rb1 1/2-1/2

[Event "Amber Blindfold"]
[Site "Monaco MNC"]
[Date "2004.03.23"]
[Round "4"]
[White "Bareev, Evgeny"]
[Black "Topalov, Veselin"]
[Result "1/2-1/2"]
[WhiteElo "2714"]
[BlackElo "2735"]
[EventDate "2004.03.20"]

1.d4 Cf6 2.c4 e6 3.Cc3 Fb4 4.Dc2 d5 5.cxd5 exd5 6.Fg5 h6 7.Fh4 c5 8.dxc5 
g5 9.Fg3 Ce4 10.e3 Da5 11.Ce2 Ff5 12.Fe5 O-O 13.Cd4 Te8 14.Fxb8 Fg6 15.Fc7
Dxc7 16.Fd3 Fxc5 17.Fxe4 dxe4 18.O-O-O Tac8 19.Rb1 Ted8 20.Cb3 Fe7 21.
Txd8+ Txd8 22.h3 Ff6 23.Ce2 Db6 24.Td1 Td3 25.Cec1 Txd1 26.Dxd1 h5 27.Ce2 
Db5 28.Ced4 Dc4 29.De2 Dxe2 30.Cxe2 h4 31.Rc2 Ff5 32.Cd2 Rg7 33.Cc3 Fe5 
34.Ccxe4 Rg6 35.f3 b6 36.b3 Fc8 37.Cf2 Fg3 38.Cd3 f5 39.e4 Fh2 40.exf5+ 
Rxf5 41.Ce4 Fb7 42.Cc3 Fb8 43.Cb5 a6 44.Cd4+ Rf6 45.Cf2 Re5 46.Rd3 Rf6 47.
Cg4+ Rg6 48.a4 Fd5 49.Ce3 Fg8 50.Re4 Fd6 51.Cef5 Fa3 52.Ce3 Fc5 53.Cd5 a5 
54.Re5 Fxd4+ 55.Rxd4 Fe6 56.Re5 Ff7 57.f4 gxf4 58.Cxf4+ Rg5 59.Ce6+ Rg6 
60.Cd4 Rg5 61.Re4 Fg8 62.Re5 Ff7 63.Ce6+ Rg6 64.Cf4+ Rg5 65.Cd5 Fg8 66.Rd6
Ff7 67.Re5 1/2-1/2

[Event "Amber Blindfold"]
[Site "Monaco MNC"]
[Date "2004.03.25"]
[Round "5"]
[White "Topalov, Veselin"]
[Black "Vallejo Pons, Francisco"]
[Result "1/2-1/2"]
[WhiteElo "2735"]
[BlackElo "2663"]
[EventDate "2004.03.20"]

1.c4 e5 2.g3 Cf6 3.Fg2 d5 4.cxd5 Cxd5 5.Cf3 Cc6 6.O-O Cb6 7.d3 Fe7 8.a3 
O-O 9.Cbd2 a5 10.b3 Fe6 11.Dc2 f6 12.Ce4 Dd7 13.Fe3 Cd5 14.Fc5 b6 15.Fxe7 
Cdxe7 16.Tac1 Tac8 17.Ced2 Fd5 18.e3 Tfd8 19.Tfd1 Rh8 20.Db2 Fe6 21.Ff1 
Fg4 22.Te1 Df5 23.Ch4 Dd7 24.b4 axb4 25.axb4 Cd5 26.b5 Ca5 27.Chf3 De7 28.
Tb1 c5 29.bxc6 Cxc6 30.Tec1 Cdb4 31.Ce1 Ff5 32.Tc3 Cd5 33.Tb3 Ca5 34.Ta3 
Fe6 35.e4 Cc7 36.Tc3 Tb8 37.Tcc1 Fg8 38.Cef3 Ce6 39.Db4 Cc5 40.Db5 Ff7 41.
Tc3 Fe8 42.Db4 Cc6 43.Da3 Ta8 44.Dc1 Tab8 45.h3 Dd6 46.Cc4 Dc7 47.Cxb6 
Cxe4 48.dxe4 1/2-1/2

[Event "Amber Blindfold"]
[Site "Monaco MNC"]
[Date "2004.03.26"]
[Round "6"]
[White "Ivanchuk, Vassily"]
[Black "Topalov, Veselin"]
[Result "1-0"]
[WhiteElo "2716"]
[BlackElo "2735"]
[EventDate "2004.03.20"]

1.e4 e5 2.Cf3 Cc6 3.d4 exd4 4.Cxd4 Fc5 5.Cb3 Fb6 6.De2 d6 7.Fe3 Cf6 8.Cc3 
O-O 9.O-O-O Te8 10.f3 Ce5 11.Dd2 Fe6 12.Fe2 Fc4 13.g4 Fxe3 14.Dxe3 c6 15.
g5 Ch5 16.f4 Fxe2 17.Cxe2 Cc4 18.Df3 g6 19.Cg3 Cg7 20.h4 a5 21.h5 Db6 22.
Dc3 Db4 23.Td3 Dxc3 24.Txc3 d5 25.Cd4 Ce6 26.exd5 cxd5 27.Cge2 Cxd4 28.
Cxd4 Te4 29.Cb5 Txf4 30.Cc7 Td8 31.hxg6 hxg6 32.Tch3 Rf8 33.Ce6+ fxe6 34.
Th8+ Re7 35.T1h7+ Rd6 36.Txd8+ Re5 37.Th1 Ce3 38.Te1 Re4 39.Td6 e5 40.Txg6
Tf2 41.c3 Tc2+ 42.Rb1 Tg2 43.Tg8 Rd3 44.g6 d4 45.cxd4 exd4 46.g7 Rd2 47.
Tc1 d3 48.Tf8 1-0

[Event "Amber Blindfold"]
[Site "Monaco MNC"]
[Date "2004.03.27"]
[Round "7"]
[White "Topalov, Veselin"]
[Black "Gelfand, Boris"]
[Result "1/2-1/2"]
[WhiteElo "2735"]
[BlackElo "2709"]
[EventDate "2004.03.20"]

1.d4 Cf6 2.c4 e6 3.Cf3 b6 4.g3 Fa6 5.b3 Fb4+ 6.Fd2 Fe7 7.Cc3 O-O 8.Tc1 c6 
9.e4 d5 10.Fd3 dxe4 11.Cxe4 Cbd7 12.Cxf6+ Cxf6 13.Fc3 c5 14.dxc5 Fxc5 15.
De2 Fb7 16.O-O h6 17.b4 Fe7 18.Tfd1 Dc7 19.Fxf6 Fxf6 20.Fe4 Fxe4 21.Dxe4 
a5 22.b5 Dc5 23.Cd4 Fxd4 24.Txd4 Ta7 25.Tcd1 Tc7 26.Td8 Tc8 27.Txf8+ Txf8 
28.Td7 g6 29.Rg2 h5 30.h4 Tc8 31.Db7 Dxc4 32.Txf7 Dd5+ 33.Dxd5 exd5 34.Tf6
Rg7 35.Tc6 Te8 36.Txb6 Te2 37.Tb7+ Rh6 38.a3 Ta2 39.Td7 Txa3 40.Txd5 Tb3 
41.f3 a4 42.Td4 a3 43.Ta4 Tb2+ 44.Rh3 Txb5 45.Txa3 Tb2 46.Ta7 Tf2 47.Tf7 
Ta2 48.g4 hxg4+ 49.fxg4 Ta3+ 50.Rg2 Ta2+ 1/2-1/2

[Event "Amber Blindfold"]
[Site "Monaco MNC"]
[Date "2004.03.28"]
[Round "8"]
[White "Shirov, Alexei"]
[Black "Topalov, Veselin"]
[Result "1/2-1/2"]
[WhiteElo "2736"]
[BlackElo "2735"]
[EventDate "2004.03.20"]

1.e4 e5 2.Cf3 Cc6 3.Fb5 Cf6 4.O-O Cxe4 5.d4 Cd6 6.Fxc6 dxc6 7.dxe5 Cf5 8.
Dxd8+ Rxd8 9.Cc3 h6 10.h3 Ce7 11.Ce4 b6 12.b3 Fd7 13.Fb2 c5 14.Cg3 Fe6 15.
Ch5 g5 16.Cd2 Cg6 17.c4 Rd7 18.Ce4 Rc6 19.g4 a6 20.a4 Td8 21.Tfd1 Fe7 22.
f3 Txd1+ 23.Txd1 b5 24.axb5+ axb5 25.Cg7 bxc4 26.Cxe6 fxe6 27.bxc4 Tb8 28.
Fc3 Cf4 29.Rf2 Cxh3+ 30.Re3 Cf4 31.Th1 Ff8 32.Ta1 Td8 33.Cf2 Fg7 34.Ta6+ 
Rb7 35.Ta5 Rb6 36.Ta2 Cg2+ 37.Re2 Tf8 38.Ce4 Ch4 39.Tb2+ Rc6 40.Ta2 Rb6 
41.Tb2+ Rc6 42.Ta2 Rb6 1/2-1/2

[Event "Amber Rapid"]
[Site "Monaco MNC"]
[Date "2004.03.23"]
[Round "4"]
[White "Topalov, Veselin"]
[Black "Bareev, Evgeny"]
[Result "1-0"]
[WhiteElo "2735"]
[BlackElo "2714"]
[EventDate "2004.03.20"]

1.e4 e6 2.d4 d5 3.Cc3 Cf6 4.Fg5 dxe4 5.Cxe4 Fe7 6.Fxf6 Fxf6 7.Cf3 O-O 8.
Dd2 Cd7 9.O-O-O Fe7 10.Fd3 b6 11.h4 Fb7 12.c3 c5 13.Ceg5 h6 14.Fh7+ Rh8 
15.Fc2 Dc7 16.Dd3 Cf6 17.Ce5 Fd6 18.Tde1 cxd4 19.Cg4 Fa6 20.Dxa6 Cxg4 21.
Dd3 Ff4+ 22.Rb1 g6 23.g3 Fe5 24.h5 Cxf2 25.Df3 Cxh1 26.hxg6 fxg6 27.Dxh1 
Fg7 28.Cxe6 Dd6 29.Db7 Tg8 30.Cf4 Tae8 31.Txe8 Txe8 32.a3 g5 33.Cg6+ Rg8 
34.Da6 Dd5 35.c4 Dh1+ 36.Ra2 d3 37.Fxd3 Dc6 38.c5 Dxc5 39.Da4 Td8 40.Db3+ 
Rh7 41.Ce7+ Rh8 42.Cg6+ Rh7 43.Fb1 Dd4 44.Ce5+ 1-0

[Event "Amber Rapid"]
[Site "Monaco MNC"]
[Date "2004.03.25"]
[Round "5"]
[White "Vallejo Pons, Francisco"]
[Black "Topalov, Veselin"]
[Result "1/2-1/2"]
[WhiteElo "2663"]
[BlackElo "2735"]
[EventDate "2004.03.20"]

1.d4 Cf6 2.Cf3 e6 3.c4 c5 4.d5 d6 5.Cc3 exd5 6.cxd5 g6 7.h3 a6 8.a4 De7 9.
Ff4 Ch5 10.Fh2 f5 11.e3 f4 12.Fd3 Fh6 13.O-O O-O 14.exf4 Cxf4 15.Te1 Dd8 
16.Fc4 b6 17.Fg3 Ta7 18.Ce4 Tg7 19.Ta3 g5 20.Ch2 Tg6 21.Tae3 Fg7 22.Cc3 
Cd7 23.Cg4 Cf6 24.Te6 Cxg4 25.hxg4 Rh8 26.Fxf4 gxf4 27.Txg6 hxg6 28.Df3 
Dh4 29.Dh3 Dxh3 30.gxh3 Fe5 31.f3 Rg7 32.Ce4 Fd7 33.Cg5 b5 34.axb5 axb5 
35.Ff1 Ta8 36.b3 Ta3 37.Tb1 Fd4+ 38.Rh1 Rf6 39.Ce6 Ff2 40.Cxf4 g5 41.Ce6 
Fe8 42.Cc7 Fg6 43.Cxb5 Ta2 44.Td1 Fg3 45.Fd3 Fe5 46.Fxg6 Rxg6 47.Td3 Ta5 
48.Cc7 Ta7 49.Cb5 Ta5 50.Cc7 Ta3 51.Cb5 1/2-1/2

[Event "Amber Rapid"]
[Site "Monaco MNC"]
[Date "2004.03.26"]
[Round "6"]
[White "Topalov, Veselin"]
[Black "Ivanchuk, Vassily"]
[Result "1-0"]
[WhiteElo "2735"]
[BlackElo "2716"]
[EventDate "2004.03.20"]

1.e4 d6 2.d4 Cf6 3.Cc3 g6 4.Fe3 c6 5.h3 Cbd7 6.Cf3 Dc7 7.Dd2 b5 8.Fd3 Fb7 
9.O-O Fg7 10.Ce2 e5 11.dxe5 dxe5 12.Cg3 O-O 13.c4 a6 14.Tfd1 Tfd8 15.Dc2 
Ce8 16.b4 Cb6 17.c5 Cd7 18.a4 Cf8 19.Cd2 Td7 20.Cb3 Tad8 21.axb5 axb5 22.
Fe2 Txd1+ 23.Txd1 Txd1+ 24.Fxd1 Fc8 25.Dd2 Fe6 26.Ca5 Cd7 27.Fg4 Fxg4 28.
hxg4 Ff8 29.g5 Cg7 30.Cf1 Ce6 31.Ch2 Fe7 32.g3 Fd8 33.Cb3 Cb8 34.Cf3 Fe7 
35.Cc1 Cd7 36.Cd3 Ff8 37.Da2 Fg7 38.Da8+ Cdf8 39.Rg2 f6 40.gxf6 Fxf6 41.
Fh6 Rf7 42.Fxf8 Cxf8 43.Dxc6 1-0

[Event "Amber Rapid"]
[Site "Monaco MNC"]
[Date "2004.03.27"]
[Round "7"]
[White "Gelfand, Boris"]
[Black "Topalov, Veselin"]
[Result "1-0"]
[WhiteElo "2709"]
[BlackElo "2735"]
[EventDate "2004.03.20"]

1.Cf3 c5 2.c4 g6 3.d4 Fg7 4.e4 d6 5.d5 e6 6.h3 Ce7 7.Cc3 h6 8.Fd3 g5 9.O-O
Fxc3 10.bxc3 e5 11.h4 Fg4 12.Fe2 Cd7 13.hxg5 Cg6 14.g3 De7 15.gxh6 O-O-O 
16.Ch4 Fxe2 17.Cxg6 fxg6 18.Dxe2 g5 19.Dg4 Tdg8 20.Rg2 Txh6 21.Fe3 Rc7 22.
Th1 Thg6 23.Th2 Cb6 24.Tah1 Cxc4 25.Fc1 T6g7 26.Th8 Dd7 27.Dxd7+ Rxd7 28.
T1h7 Txh7 29.Txg8 g4 30.Txg4 b5 31.Tg8 Rc7 32.g4 Td7 33.g5 Td8 34.Tg6 a5 
35.Tf6 b4 36.cxb4 cxb4 37.g6 Tg8 38.Fh6 Cb6 39.g7 Cd7 40.Tf3 a4 41.Rf1 Rb6
42.Re2 a3 43.Rd1 Rb5 44.Rc2 Tc8+ 45.Rb1 Ra4 46.Tf8 1-0

[Event "Amber Rapid"]
[Site "Monaco MNC"]
[Date "2004.03.28"]
[Round "8"]
[White "Topalov, Veselin"]
[Black "Shirov, Alexei"]
[Result "1-0"]
[WhiteElo "2735"]
[BlackElo "2736"]
[EventDate "2004.03.20"]

1.e4 e5 2.Cf3 Cc6 3.Fb5 a6 4.Fa4 Cf6 5.O-O Fe7 6.Te1 b5 7.Fb3 O-O 8.h3 Fb7
9.d3 d6 10.a3 Cb8 11.Cbd2 Cbd7 12.Cf1 Te8 13.Cg3 c6 14.Cf5 Ff8 15.Ch2 d5 
16.Df3 dxe4 17.dxe4 c5 18.c4 Db6 19.Cg4 Cxg4 20.hxg4 b4 21.Fa4 Ted8 22.Fg5
f6 23.Fe3 De6 24.g5 Cb6 25.Fb3 a5 26.axb4 axb4 27.Dg4 fxg5 28.Fxg5 Dg6 29.
Ch4 Df7 30.Fxd8 Txd8 31.Cf5 g6 32.Tad1 Txd1 33.Txd1 Df6 34.Ce3 h5 35.Df3 
Dxf3 36.gxf3 Rf7 37.Ta1 Cc8 38.Fa4 Cd6 39.Fd7 Re7 40.Fh3 Rd8 41.Fe6 Rc7 
42.Fd5 Fh6 43.Fxb7 Fxe3 44.fxe3 Rxb7 45.b3 g5 46.Rg2 g4 47.Th1 1-0

[Event "Amber Blindfold"]
[Site "Monaco MNC"]
[Date "2004.03.30"]
[Round "9"]
[White "Topalov, Veselin"]
[Black "Morozevich, Alexander"]
[Result "0-1"]
[WhiteElo "2735"]
[BlackElo "2732"]
[EventDate "2004.03.20"]

1.d4 d5 2.c4 c6 3.Cf3 Cf6 4.Cc3 dxc4 5.a4 Ff5 6.Ce5 Cbd7 7.Cxc4 Cd5 8.g3 
e5 9.Fg2 exd4 10.Dxd4 Df6 11.Dxf6 C7xf6 12.Cxd5 cxd5 13.Ce3 Fb4+ 14.Fd2 
Fxd2+ 15.Rxd2 Fe4 16.Ff3 O-O-O 17.Thd1 d4 18.Cg4 Fxf3 19.exf3 Cd7 20.f4 f6
21.f3 Rb8 22.Cf2 The8 23.Te1 Cc5 24.Txe8 Txe8 25.Ta3 Te3 26.Cd3 Ca6 27.a5 
Rc7 28.Ta1 Rd6 29.Tc1 Txf3 30.Tc8 Rd5 31.b4 b6 32.Ta8 Rc4 33.Ce1 Tf2+ 34.
Rd1 Cxb4 35.Txa7 bxa5 36.Txa5 d3 37.Ta7 Cd5 38.Ta4+ Rb3 39.Td4 Cc3+ 0-1

[Event "Amber Blindfold"]
[Site "Monaco MNC"]
[Date "2004.03.31"]
[Round "10"]
[White "Leko, Peter"]
[Black "Topalov, Veselin"]
[Result "1/2-1/2"]
[WhiteElo "2722"]
[BlackElo "2735"]
[EventDate "2004.03.20"]

1.e4 e5 2.Cf3 Cc6 3.Fb5 a6 4.Fa4 Cf6 5.O-O b5 6.Fb3 Fc5 7.a4 Tb8 8.c3 d6 
9.d3 O-O 10.Cbd2 Fb6 11.h3 Ce7 12.Te1 Cg6 13.Cf1 h6 14.Cg3 Te8 15.d4 Fb7 
16.Fc2 d5 17.Cxe5 Cxe5 18.dxe5 Cxe4 19.Cxe4 dxe4 20.Dh5 g6 21.Dxh6 Txe5 
22.Fe3 Df6 23.Fxb6 Dxb6 24.axb5 axb5 25.Df4 Tbe8 26.Te3 Rg7 27.Td1 Fd5 28.
h4 b4 29.Tde1 1/2-1/2

[Event "Amber Blindfold"]
[Site "Monaco MNC"]
[Date "2004.04.01"]
[Round "11"]
[White "Topalov, Veselin"]
[Black "Kramnik, Vladimir"]
[Result "1/2-1/2"]
[WhiteElo "2735"]
[BlackElo "2777"]
[EventDate "2004.03.20"]

1.d4 Cf6 2.c4 e6 3.Cf3 b6 4.g3 Fa6 5.b3 Fb4+ 6.Fd2 Fe7 7.Cc3 O-O 8.Tc1 Fb7
9.Fg2 d5 10.Ce5 Ca6 11.cxd5 exd5 12.O-O c5 13.Fe3 Te8 14.Cd3 Dd7 15.Ca4 
cxd4 16.Fxd4 Ce4 17.Cf4 Ff8 18.Cc3 Tad8 19.e3 Cb4 20.Fh3 De7 21.Cb5 Cc6 
22.Fb2 d4 23.Cxd4 Cxf2 24.Txf2 Dxe3 25.Fg2 Cxd4 26.Fxb7 Fc5 27.b4 Ce2+ 28.
Dxe2 Dxf2+ 29.Dxf2 Fxf2+ 30.Rxf2 Td2+ 31.Rf3 Txb2 32.Fd5 Rf8 33.Fb3 Txh2 
34.Cd5 Th5 35.g4 Th3+ 36.Rg2 Td3 37.Tc7 Td8 38.Cf4 T3d7 39.Tc6 Td6 40.Tc7 
T6d7 41.Tc6 Td6 1/2-1/2

[Event "Amber Rapid"]
[Site "Monaco MNC"]
[Date "2004.03.30"]
[Round "9"]
[White "Morozevich, Alexander"]
[Black "Topalov, Veselin"]
[Result "1-0"]
[WhiteElo "2732"]
[BlackElo "2735"]
[EventDate "2004.03.20"]

1.e4 c5 2.Cf3 d6 3.d4 cxd4 4.Cxd4 Cf6 5.Cc3 a6 6.Fe3 e5 7.Cb3 Fe6 8.Dd2 b5
9.O-O-O Cbd7 10.f4 Fe7 11.Rb1 Tc8 12.f5 Fc4 13.g4 Cxg4 14.Tg1 Cxe3 15.Dxe3
g6 16.Fxc4 bxc4 17.Cd2 Cf6 18.Dh3 Dd7 19.Cf1 gxf5 20.Ce3 Cxe4 21.Ccd5 Cf2 
22.Dh5 Cxd1 23.Txd1 Tc5 24.Cxe7 Dxe7 25.Cxf5 e4 26.Cg7+ Rf8 27.Dh6 De5 28.
Cf5+ Re8 29.Cxd6+ Re7 30.Cf5+ Re8 31.Dg5 Dc7 32.Cg7+ 1-0

[Event "Amber Rapid"]
[Site "Monaco MNC"]
[Date "2004.03.31"]
[Round "10"]
[White "Topalov, Veselin"]
[Black "Leko, Peter"]
[Result "1-0"]
[WhiteElo "2735"]
[BlackElo "2722"]
[EventDate "2004.03.20"]

1.e4 c5 2.Cf3 Cc6 3.d4 cxd4 4.Cxd4 Cf6 5.Cc3 e5 6.Cdb5 d6 7.Fg5 a6 8.Ca3 
b5 9.Fxf6 gxf6 10.Cd5 f5 11.c3 Fg7 12.exf5 Fxf5 13.Cc2 O-O 14.Cce3 Fe6 15.
Fd3 f5 16.O-O Ta7 17.a4 Ce7 18.axb5 Cxd5 19.Fc4 Cf4 20.Fxe6+ Cxe6 21.Dd5 
De8 22.Txa6 Taf7 23.Dc4 f4 24.Cd5 e4 25.Txd6 Cg5 26.h4 De5 27.Tc6 Ce6 28.
b6 Rh8 29.Tc8 Txc8 30.Dxc8+ Tf8 31.b7 Dxd5 32.b8=D Txc8 33.Dxc8+ Ff8 34.
Te1 Rg8 35.c4 De5 36.Da8 e3 37.fxe3 fxe3 38.Df3 Fc5 39.Rh1 Dxb2 40.Tf1 Dg7
41.Da8+ Ff8 42.De4 Dh6 43.g3 Fc5 44.Da8+ Ff8 45.Df3 Rh8 46.De4 Fd6 47.Tf3 
Fc5 48.De5+ Dg7 49.Dxe6 Db7 50.Rg2 1-0

[Event "Amber Rapid"]
[Site "Monaco MNC"]
[Date "2004.04.01"]
[Round "11"]
[White "Kramnik, Vladimir"]
[Black "Topalov, Veselin"]
[Result "1-0"]
[WhiteElo "2777"]
[BlackElo "2735"]
[EventDate "2004.03.20"]

1.e4 e5 2.Cf3 Cc6 3.Fb5 a6 4.Fa4 Cf6 5.O-O b5 6.Fb3 Fc5 7.a4 Tb8 8.c3 d6 
9.d4 Fb6 10.axb5 axb5 11.Ca3 O-O 12.Cxb5 exd4 13.cxd4 Fg4 14.Fa4 d5 15.e5 
Ce4 16.Fe3 f6 17.Dc2 Cb4 18.Db3 Fa5 19.Cd2 c6 20.Ca7 Ff5 21.Cxe4 Fxe4 22.
f3 Fg6 23.Da3 fxe5 24.Cxc6 Cxc6 25.Fxc6 Fb4 26.Da7 e4 27.Da2 Rh8 28.Dxd5 
Dc7 29.fxe4 Ff7 30.Dd7 1-0

[Event "FIDE WCh KO"]
[Site "Tripoli LBA"]
[Date "2004.06.19"]
[Round "1.1"]
[White "Topalov, Veselin"]
[Black "Abulhul, Tarik"]
[Result "1-0"]
[WhiteElo "2737"]
[BlackElo "2076"]
[EventDate "2004.06.19"]

1.Cf3 Cf6 2.c4 e6 3.Cc3 Fb4 4.Db3 c5 5.g3 O-O 6.a3 Fxc3 7.Dxc3 b6 8.Fg2 
Fb7 9.b4 d6 10.O-O Cbd7 11.d3 Tc8 12.e4 Dc7 13.b5 Tfe8 14.Te1 h6 15.Fh3 
Tcd8 16.Ta2 Fc8 17.a4 e5 18.a5 Cf8 19.Fxc8 Txc8 20.Fb2 Dd7 21.axb6 axb6 
22.Ch4 Dh3 23.f3 Ce6 24.Dd2 Ch5 25.Cf5 Cg5 26.De3 Te6 27.Tf1 Rh7 28.Fc1 
Tg6 29.Df2 Te8 30.Dg2 Dxg2+ 31.Rxg2 Ce6 32.Rf2 Cg5 33.Fxg5 hxg5 34.Ta7 Tf6
35.Ce3 Tb8 36.Tfa1 Rg6 37.Td7 Te6 38.Taa7 Tf8 39.Tdb7 Cf6 40.Txb6 Th8 41.
Rg2 1-0

[Event "FIDE WCh KO"]
[Site "Tripoli LBA"]
[Date "2004.06.21"]
[Round "2.1"]
[White "Delchev, Aleksander"]
[Black "Topalov, Veselin"]
[Result "0-1"]
[WhiteElo "2602"]
[BlackElo "2737"]
[EventDate "2004.06.19"]

1.d4 Cf6 2.c4 e6 3.Cc3 Fb4 4.e3 O-O 5.Fd3 c5 6.Ce2 d5 7.cxd5 cxd4 8.exd4 
Cxd5 9.O-O Cc6 10.Fe4 h6 11.Cxd5 exd5 12.Fc2 Fd6 13.Ff4 Te8 14.Fxd6 Dxd6 
15.Dd3 g6 16.Dd2 Rg7 17.Cf4 Fd7 18.Tfe1 Tad8 19.Fb3 Df6 20.Ted1 Ce7 21.
Tac1 Fc6 22.Fc2 Cc8 23.b3 Cd6 24.f3 Cb5 25.Ce2 Te7 26.Te1 Tde8 27.Rf1 Te3 
28.a4 Cc7 29.Da5 Ce6 30.Dxa7 Dh4 31.Da5 Dxh2 32.Dd2 Cg5 33.Cg1 Txf3+ 34.
Cxf3 Cxf3 0-1

[Event "FIDE WCh KO"]
[Site "Tripoli LBA"]
[Date "2004.06.22"]
[Round "2.2"]
[White "Topalov, Veselin"]
[Black "Delchev, Aleksander"]
[Result "1-0"]
[WhiteElo "2737"]
[BlackElo "2602"]
[EventDate "2004.06.19"]

1.e4 e5 2.Cf3 Cc6 3.Fb5 a6 4.Fa4 Cf6 5.O-O b5 6.Fb3 Fb7 7.d3 Fe7 8.Te1 O-O
9.a3 Te8 10.Cbd2 Ff8 11.Cf1 h6 12.Fa2 d6 13.c3 Cb8 14.Ch4 d5 15.Df3 c6 16.
Cf5 Cbd7 17.g4 Ch7 18.Dg3 Cc5 19.h4 a5 20.Fd2 a4 21.Tad1 Cb3 22.Fxb3 axb3 
23.Ch2 c5 24.Cf3 Df6 25.exd5 Fxd5 26.Cxe5 Tad8 27.c4 bxc4 28.Fa5 Ta8 29.
Fc3 Da6 30.Cd7 Fe6 31.Cxf8 1-0

[Event "FIDE WCh KO"]
[Site "Tripoli LBA"]
[Date "2004.06.23"]
[Round "3.1"]
[White "Topalov, Veselin"]
[Black "Movsesian, Sergei"]
[Result "1-0"]
[WhiteElo "2737"]
[BlackElo "2647"]
[EventDate "2004.06.19"]

1.e4 c5 2.Cf3 Cc6 3.d4 cxd4 4.Cxd4 Dc7 5.Cc3 e6 6.Fe3 a6 7.Dd2 Cf6 8.O-O-O
Fb4 9.f3 Ce5 10.Cb3 b5 11.Rb1 Fe7 12.Df2 d6 13.Fb6 Db8 14.Fd4 Cc6 15.Fe3 
Cd7 16.g4 O-O 17.g5 b4 18.Ca4 Cce5 19.Tg1 Fb7 20.Ca5 Tc8 21.b3 Fc6 22.Cxc6
Cxc6 23.f4 Cc5 24.Cxc5 dxc5 25.f5 Ce5 26.Fh3 exf5 27.exf5 Te8 28.Ff4 Fd6 
29.g6 hxg6 30.fxg6 Ta7 31.Dg2 Cc4 32.Txd6 Cxd6 33.Dd5 Td8 34.gxf7+ Txf7 
35.Fe6 Db7 36.Dg5 1-0

[Event "FIDE WCh KO"]
[Site "Tripoli LBA"]
[Date "2004.06.24"]
[Round "3.2"]
[White "Movsesian, Sergei"]
[Black "Topalov, Veselin"]
[Result "1/2-1/2"]
[WhiteElo "2647"]
[BlackElo "2737"]
[EventDate "2004.06.19"]

1.e4 e5 2.Cf3 Cc6 3.Fc4 Cf6 4.d3 Fc5 5.c3 d6 6.Fb3 a6 7.Cbd2 O-O 8.h3 Fa7 
9.Cf1 d5 10.De2 Fe6 11.Fg5 dxe4 12.dxe4 Fxb3 13.axb3 Dd6 14.Cg3 De6 15.b4 
Ce8 16.O-O f6 17.Fe3 Fxe3 18.fxe3 Cd6 19.Tf2 a5 20.bxa5 Cxa5 21.Ch4 g6 22.
Taf1 Cb3 23.Dc2 Ta1 24.Cf3 Txf1+ 25.Cxf1 Cc5 26.C3d2 b5 27.Rh2 1/2-1/2

[Event "FIDE WCh KO"]
[Site "Tripoli LBA"]
[Date "2004.06.26"]
[Round "4.1"]
[White "Kozul, Zdenko"]
[Black "Topalov, Veselin"]
[Result "0-1"]
[WhiteElo "2627"]
[BlackElo "2737"]
[EventDate "2004.06.19"]

1.d4 Cf6 2.Cf3 e6 3.c4 d5 4.g3 Fb4+ 5.Cbd2 dxc4 6.Fg2 b5 7.O-O O-O 8.a4 c6
9.e4 c3 10.Cb3 Fa6 11.a5 Cxe4 12.Dc2 cxb2 13.Fxb2 Cf6 14.Ce5 Cd5 15.Tfc1 
Fb7 16.Cc5 Fxc5 17.dxc5 f6 18.Cd3 Ca6 19.Te1 Fc8 20.Fe4 h6 21.Tad1 Dc7 22.
De2 e5 23.f4 Fe6 24.fxe5 f5 25.Fxd5 cxd5 26.Cf4 Dc6 27.Dh5 Cc7 28.Dg6 De8 
29.Fa3 Tb8 30.Td4 Ff7 31.Dd6 Ce6 32.Cxe6 Fxe6 33.c6 Tf7 34.Tc1 Tc8 35.Txd5
f4 36.Txb5 fxg3 37.hxg3 Td8 38.Db4 Tf3 39.c7 Txg3+ 40.Rf2 Df7+ 41.Rxg3 
Td3+ 42.Rg2 Df3+ 0-1

[Event "FIDE WCh KO"]
[Site "Tripoli LBA"]
[Date "2004.06.27"]
[Round "4.2"]
[White "Topalov, Veselin"]
[Black "Kozul, Zdenko"]
[Result "1-0"]
[WhiteElo "2737"]
[BlackElo "2627"]
[EventDate "2004.06.19"]

1.e4 c5 2.Cf3 d6 3.d4 cxd4 4.Cxd4 Cf6 5.Cc3 Cc6 6.Fg5 e6 7.Dd2 a6 8.O-O-O 
Fd7 9.f3 Fe7 10.Rb1 O-O 11.h4 Db8 12.g4 Tc8 13.Cxc6 Fxc6 14.Fd3 b5 15.Ce2 
b4 16.Cd4 Fe8 17.h5 a5 18.Fe3 Cd7 19.Fb5 Ce5 20.Fxe8 Txe8 21.b3 Db7 22.g5 
a4 23.Dg2 Tec8 24.g6 axb3 25.gxf7+ Rxf7 26.cxb3 Tc3 27.Thg1 Ff8 28.Fd2 Td3
29.Fc1 Da7 30.Txd3 Cxd3 31.Fe3 Da6 32.Td1 Cc5 33.De2 Dxe2 34.Cxe2 Cd7 35.
Tc1 Cf6 36.Tc7+ Rg8 37.Cf4 e5 38.Ce6 Cxh5 39.Fd2 Tb8 40.Tc4 Fe7 41.Txb4 
Te8 42.Tb7 Fh4 43.Cc7 Tf8 44.a4 Txf3 45.a5 Ff2 46.a6 Cf6 47.Ce6 Cxe4 48.
Fe1 h5 49.Fxf2 Txf2 50.a7 Cc3+ 51.Rc1 Ta2 52.Txg7+ Rh8 53.Tc7 h4 54.Tc8+ 
Rh7 55.a8=D Txa8 56.Txa8 Ce4 57.b4 Rg6 58.b5 1-0